|
|
|
|
| LEADER |
00000nam a2200000 a 4500 |
| 001 |
vtls001405754 |
| 003 |
SK-MaSNL |
| 005 |
20260301120208.0 |
| 008 |
251124s1999 RU a r 0 rus |
| 020 |
|
|
|a 5751111664
|c [180,00]
|
| 035 |
|
|
|a SNK000360379
|
| 040 |
|
|
|a SNK
|b slo
|c SNK
|e AACR2
|
| 044 |
|
|
|a RU
|
| 080 |
|
|
|a 808.2-2
|2 1981
|
| 100 |
1 |
|
|a Lebedeva, Natal'ja Borisovna
|4 aut
|9 462337
|
| 245 |
1 |
|
|a Polisituativnost' glagol'noj semantiki (na materiale russkich prefiksal'nych glagolov)
|c N.B. Lebedeva
|
| 260 |
|
|
|a Tomsk
|b Tomskij gosudarstvennyj universitet
|c 1999
|
| 300 |
|
|
|a 260 s.
|c 21 cm
|
| 650 |
0 |
7 |
|a ruština
|2 SNK
|9 1346
|
| 650 |
0 |
7 |
|a sémantika slovesná
|x ruština
|x štúdie
|2 SNK
|9 462338
|
| 919 |
|
|
|a 5-7511-1166-4
|
| 999 |
|
|
|c 725039
|d 726969
|
| 952 |
|
|
|t P60, <04>, [BOOK], {604}
|a SNK
|b SNK
|y VYP
|7 0
|p 17A0270709
|o snkIC 129204
|i snkV 167/2001
|0 0
|1 0
|4 0
|d 2001-02-15
|l 0
|r 2005-01-02 00:00:00
|w 2026-02-23
|